00857cam a22002651 4500001001300000003000400013005001700017008004100034010001700075035001900092040004800111042001200159043001200171050001700183082001000200100002500210245006500235260004900300300002600349490006600375500007200441650002000513650004100533999001700574sd 46000032 DLC20260227112735.0810512s1946 dcu f000 0 eng c asd 46000032  a(OCoLC)7412631 aU.S. Dept. of State. Libr.cMChBdMChBdDLC apremarc ae-gx---00aHQ799.G5bK4 a362.71 aKellermann, Henry J.14aThe present status of German youth,cby Henry J. Kellermann. a[Washington,bU.S. Govt. Print. Off.,c1946] a1 p.l., 25 p.c26 cm.0 a[U.S. Dept. of State. Publication 2583. European series,v11] a"Reprinted from recent issues of the Department of state bulletin." 0aYouthzGermany. 0aReconstruction (1939-1951)zGermany. c89966d89966